| 000 | 00359nam a2200133Ia 4500 | ||
|---|---|---|---|
| 008 | 240521s1999 xx 000 0 und d | ||
| 020 | _a0-8273-4683-2 | ||
| 041 | _aeng | ||
| 082 | _a712 | ||
| 100 | _aINGELS J.E. | ||
| 245 | _aLANDSCAPING PRINCIPLES AND PRACTICES IV TH ED. LANDSCAPE ARCHITECTURE, GARDEBNING, INDUSTRY | ||
| 260 | _c1999 | ||
| 300 | _a401 | ||
| 999 |
_c1159431 _d1159431 |
||